Etapa de desarrollo de la escritura del niño con relación al aprendizaje significativo en el Distrito 16-02,Fantino/Yomarlyn Morillo Méndez, Evelin Marte Lora e Irialis Mercedes Martínez Domínguez. , asesor Ángela Merejo Medrano (Registro nro. 18533)

Detalles MARC
000 -LEADER
fixed length control field 01164nam a22002411a 4500
001 - CONTROL NUMBER
control field 18533
003 - CONTROL NUMBER IDENTIFIER
control field OSt
005 - DATE AND TIME OF LATEST TRANSACTION
control field 20260204212410.0
008 - FIXED-LENGTH DATA ELEMENTS--GENERAL INFORMATION
fixed length control field 180310s2018||||dr ||||||b||||||||||spa||
090 ## - LOCALLY ASSIGNED LC-TYPE CALL NUMBER (OCLC); LOCAL CALL NUMBER (RLIN)
Classification number (OCLC) (R) ; Classification number, CALL (RLIN) (NR) EDU-IN 2018 M67
100 1# - ASIENTO PRINCIPAL -- NOMBRE PERSONAL
Personal name Morillo Méndez,Yomarlyn
Relator term sustentante
245 1# - TÍTULO PROPIAMENTE DICHO: SUBTÍTULO
Title Etapa de desarrollo de la escritura del niño con relación al aprendizaje significativo en el Distrito 16-02,Fantino/Yomarlyn Morillo Méndez, Evelin Marte Lora e Irialis Mercedes Martínez Domínguez. , asesor Ángela Merejo Medrano
260 ## - PUBLICATION, DISTRIBUTION, ETC.
Place of publication, distribution, etc. Cotuí, República Dominicana :
Name of publisher, distributor, etc. UTECO,
Date of publication, distribution, etc. 2018
300 ## - PHYSICAL DESCRIPTION
Extensión 57 hojas :
Other physical details Ilustraciones ;
Dimensions 2018
502 ## - THESIS NOTE
Dissertation note Trabajo de grado (Licenciatura en Educación Inicial)--Universidad Tecnológica del Cibao Oriental, 2018<br/>
504 ## - BIBLIOGRAPHY, ETC. NOTE
Bibliography, etc. note Incluye referencia bibliográfica e índice<br/>
650 #4 - ASIENTO SECUNDARIO DE MATERIA -- TERMINO TOPICO
Asiento secundario de materia Etapa de desarrollo de la escritura del niño con relación
700 1# - ASIENTO SECUNDARIO -- NOMBRE PERSONAL
Personal name Marte Lora, Evelin
Relator term sustentante
700 1# - ASIENTO SECUNDARIO -- NOMBRE PERSONAL
Personal name Martínez Domínguez, Irialis Mercedes
Relator term sustentante
700 1# - ASIENTO SECUNDARIO -- NOMBRE PERSONAL
Personal name Ángela Merejo Medrano
Relator term asesor
830 ## - ASIENTO SECUNDARIO DE SERIE - TÍTULO UNIFORME
Uniform title Tesis y disertaciones académicas (Universidad Tecnológica del Cibao Oriental)
942 ## - ADDED ENTRY ELEMENTS (KOHA)
Source of classification or shelving scheme Clasificación Local
Koha item type Tesis
Existencias
Withdrawn status Lost status Source of classification or shelving scheme Damaged status Not for loan Collection code Home library Current library Shelving location Date acquired Inventory number Full call number Barcode Date last seen Copy number Price effective from Koha item type
    Clasificación Local   Préstamo Interno Trabajos de Grado e Investigación   Biblioteca UTECO En Estantería 09/09/2019 ET-2018-032 EDU-IN 2018 M67 ET-2018-032 09/09/2019 Ej.1 09/09/2019 Tesis
© 2021 Derechos Reservados UTECO - Teléfono: +1 809-585-2291 - Correo electrónico: biblioteca@uteco.edu.do​  
Código postal 43000 ​​
Dirección: Avenida Universitaria No. 100, 
Cotuí, Provincia Sánchez Ramírez, República Dominicana - RNC: 404-00059-6